000 00565nam a2200205Ia 4500
005 20250326144725.0
008 250326s9999 xx 000 0 und d
020 _a978-81-7194-544-3
037 _aAnnuals, Advances
040 _aFMSL
_beng
_cFMSL
041 _aeng
_2eng
084 _aX724 P9;4
_qFMSL
100 _aSinghania
245 0 _aTaxmann student guide income tax
_cSinghania; Singhania
250 _a41st
260 _aN.D
_bN.D, Taxmann Pub.
_c2009
300 _av.
942 _cTB
_hX724 P9;4
999 _c1304769
_d1304769